| 000 | 00918nam a22002297a 4500 | ||
|---|---|---|---|
| 003 | 0 | ||
| 005 | 20250218111641.0 | ||
| 008 | 250218b xxu||||| |||| 00| 0 eng d | ||
| 050 |
_aG 156.5 _b.Am36 2023 |
||
| 100 | _aAmando, Kiarra Louisse | ||
| 245 |
_aTourist behavior on sustainability practices: _ba case study in Baguio City _cKiarra Louisse Amando and Maryneilla G. Caramoan |
||
| 260 |
_aLas Pinas City _bSouthville International School and Colleges _cc2023 |
||
| 300 |
_ax, 149 pages ; _c28cm. |
||
| 500 | _aBachelor of Science in Tourism. | ||
| 504 | _aIncludes bibliographical references and appendices. | ||
| 650 | _aSustainable tourism—Philippines—Baguio City. | ||
| 650 | _aTourist behavior—Philippines—Baguio City. | ||
| 650 | _aEcotourism—Philippines—Baguio City. | ||
| 650 | _aSustainability practices—Philippines. | ||
| 700 | _a Caramoan, Maryneilla G. | ||
| 942 |
_2lcc _cTH |
||
| 999 |
_c367246 _d367246 |
||